[Event "Saint Louis Rapid 2017"]
[Site "Saint Louis USA"]
[Date "2017.08.14"]
[Round "1.1"]
[White "Kasparov, Garry"]
[Black "Karjakin, Sergey"]
[Result "1/2-1/2"]
[WhiteTitle "GM"]
[BlackTitle "GM"]
[WhiteElo "2812"]
[BlackElo "2773"]
[WhiteFideId "4100018"]
[BlackFideId "14109603"]
[EventDate "2017.08.14"]

1. d4 Nf6 2. c4 e6 3. Nc3 Bb4 4. Qc2 d5 5. cxd5 Qxd5 6. Nf3 Qf5 7. Qb3 Nc6 8.
Bd2 O-O 9. h3 a5 10. g4 Qg6 11. a3 a4 12. Qc4 Bxc3 13. Bxc3 Nd5 14. Bd2 f6 15.
Rc1 Bd7 16. Qc2 Qxc2 17. Rxc2 Be8 18. e3 Bg6 19. Rc5 Be4 20. Be2 e5 21. O-O exd4
22. Nxd4 Nxd4 23. exd4 c6 24. Re1 Bg6 25. Bf1 Bf7 26. f4 Rfd8 27. f5 Rd7 28. Ra5
Rxa5 29. Bxa5 g6 30. fxg6 hxg6 31. Bd2 g5 32. Bd3 Kg7 33. Bc2 b5 34. Bf5 Rd8 35.
Kf2 Bg6 36. Be6 Bf7 37. Bf5 Bg6 38. Be6 Nf4 39. Bxf4 gxf4 40. Rd1 Be4 41. h4 Kg6
42. Re1 Bc2 43. Rc1 Be4 44. Re1 Bc2 1/2-1/2

[Event "Saint Louis Rapid 2017"]
[Site "Saint Louis USA"]
[Date "2017.08.14"]
[Round "1.3"]
[White "Le, Quang Liem"]
[Black "Caruana, Fabiano"]
[Result "1-0"]
[WhiteTitle "GM"]
[BlackTitle "GM"]
[WhiteElo "2739"]
[BlackElo "2807"]
[WhiteFideId "12401137"]
[BlackFideId "2020009"]
[EventDate "2017.08.14"]

1. d4 d5 2. c4 dxc4 3. e4 Nf6 4. e5 Nd5 5. Bxc4 Nb6 6. Bd3 Nc6 7. Ne2 Bg4 8. f3
Bh5 9. Nbc3 e6 10. Be4 Bg6 11. O-O Be7 12. Be3 Bxe4 13. fxe4 O-O 14. Nf4 Bg5 15.
Kh1 Qe7 16. Qh5 h6 17. Rad1 Nc4 18. Bc1 Rad8 19. b3 Nb6 20. Nce2 Rd7 21. Rd3
Rfd8 22. Rg3 Nxd4 23. Nxd4 Rxd4 24. Nxe6 fxe6 25. Bxg5 Qe8 26. Qxe8+ Rxe8 27.
Bxh6 Re7 28. Rg4 Nd7 29. Be3 Rd3 30. Bf4 Rd4 31. Re1 c5 32. h3 b5 33. Rg3 Rf7
34. Bc1 c4 35. Kh2 a5 36. bxc4 Rxc4 37. Bb2 Rc2 38. Bd4 Rxa2 39. Rd1 b4 40. Rg6
Nf8 41. Rg3 Rd7 42. Rf3 Ng6 43. Rg3 Kh7 44. Rg5 b3 45. Rh5+ Kg8 46. Rg5 b2 47.
Rxg6 Rxd4 48. Rxd4 b1=Q 49. Rd7 Kf8 50. Rdxg7 Ke8 51. Ra7 Kf8 52. Ra8+ Kf7 53.
Rag8 1-0

[Event "Saint Louis Rapid 2017"]
[Site "Saint Louis USA"]
[Date "2017.08.14"]
[Round "1.4"]
[White "Aronian, Levon"]
[Black "Navara, David"]
[Result "1-0"]
[WhiteTitle "GM"]
[BlackTitle "GM"]
[WhiteElo "2799"]
[BlackElo "2737"]
[WhiteFideId "13300474"]
[BlackFideId "309095"]
[EventDate "2017.08.14"]

1. d4 Nf6 2. c4 e6 3. Nf3 b6 4. g3 Ba6 5. b3 Bb4+ 6. Bd2 Be7 7. Nc3 O-O 8. Bg2
d5 9. cxd5 exd5 10. O-O Re8 11. Ne5 Bb7 12. Qc2 c5 13. dxc5 bxc5 14. Rad1 Qc8
15. e4 Bf8 16. f4 d4 17. Nd5 Nxd5 18. exd5 f6 19. Rde1 fxe5 20. fxe5 Nd7 21. e6
Nf6 22. Rxf6 gxf6 23. Qf5 Qd8 24. Re4 Re7 25. Rg4+ Kh8 26. Be4 Rc8 27. Rh4 Kg8
28. Rxh7 Bxd5 29. Qg6+ Rg7 30. Qh5 Bxe4 31. Rh8# 1-0

[Event "Saint Louis Rapid 2017"]
[Site "Saint Louis USA"]
[Date "2017.08.14"]
[Round "1.5"]
[White "Nepomniachtchi, Ian"]
[Black "Dominguez Perez, Leinier"]
[Result "1/2-1/2"]
[WhiteTitle "GM"]
[BlackTitle "GM"]
[WhiteElo "2751"]
[BlackElo "2739"]
[WhiteFideId "4168119"]
[BlackFideId "3503240"]
[EventDate "2017.08.14"]

1. e4 e5 2. Nf3 Nc6 3. Bb5 Nf6 4. d3 Bc5 5. Bxc6 dxc6 6. Nbd2 Nd7 7. Nc4 f6 8.
Bd2 Nf8 9. Nh4 g6 10. Be3 Bxe3 11. Nxe3 Ne6 12. Qd2 Qe7 13. g3 b6 14. O-O-O Bb7
15. f4 exf4 16. gxf4 O-O-O 17. f5 Nf4 18. fxg6 hxg6 19. Qf2 g5 20. Nhg2 Nxg2 21.
Qxg2 Kb8 22. Rdf1 Bc8 23. Qf2 Rh6 24. Nf5 Bxf5 25. Qxf5 Rdh8 26. h3 Qh7 27. Qxh7
R8xh7 28. Rhg1 Kc8 29. Rf3 c5 30. Rgf1 Kd7 31. Rxf6 Rxf6 32. Rxf6 Rxh3 33. Rg6
Rg3 34. a4 a5 35. Kd2 Rg2+ 36. Kc3 g4 37. Kb3 Kc8 38. c3 Kb7 39. e5 Re2 40. d4
Re4 41. Kc4 cxd4 42. cxd4 c5 43. Kb5 Rxd4 44. Rg7+ Kc8 45. b3 Rb4+ 46. Kc6 Kd8
47. Kd6 Rd4+ 48. Kc6 c4 49. bxc4 Rxc4+ 50. Kxb6 Rxa4 51. Kb5 1/2-1/2

[Event "Saint Louis Rapid 2017"]
[Site "Saint Louis USA"]
[Date "2017.08.14"]
[Round "2.2"]
[White "Aronian, Levon"]
[Black "Nepomniachtchi, Ian"]
[Result "0-1"]
[WhiteTitle "GM"]
[BlackTitle "GM"]
[WhiteElo "2799"]
[BlackElo "2751"]
[WhiteFideId "13300474"]
[BlackFideId "4168119"]
[EventDate "2017.08.14"]

1. Nf3 Nf6 2. c4 c5 3. Nc3 d5 4. cxd5 Nxd5 5. e3 Nxc3 6. bxc3 g6 7. h4 Bg7 8. h5
Nc6 9. Be2 b6 10. Kf1 Qd6 11. d4 O-O 12. Ba3 Bf5 13. Kg1 Rfd8 14. Qa4 Qf6 15.
hxg6 hxg6 16. Rf1 Rac8 17. Bb2 Na5 18. Ba1 c4 19. Ne5 Qe6 20. Nf3 Bd3 21. Qd1
Qf5 22. Bxd3 Qxd3 23. Qc1 Nc6 24. Rd1 Qf5 25. Re1 Qa5 26. e4 e6 27. g3 Qxa2 28.
e5 Ne7 29. Ng5 Nd5 30. Ne4 b5 31. Qg5 b4 32. cxb4 Qa3 33. Rc1 Qf3 34. Rh4 Rf8
35. Qd2 Qd3 36. Bc3 Qf3 37. Qg5 Rc7 38. Be1 Rb8 39. Nc5 c3 40. Na6 Rcc8 41. Nxb8
Rxb8 42. Qg4 Qxg4 43. Rxg4 Rc8 44. Re4 Bf8 45. b5 Ba3 46. Rc2 Rc4 47. Ree2 Bb4
48. Ra2 Nc7 49. Rxa7 Nxb5 50. Ra8+ Kg7 51. Bxc3 Bxc3 52. Kg2 Rxd4 53. f4 Rd3 54.
Rf2 Bd4 55. Rf3 Rd2+ 56. Kh3 Nc3 57. Ra1 Ne4 58. Raf1 Nf2+ 59. Kh4 Bc5 60. g4
Ne4 61. g5 Rh2+ 62. Rh3 Rg2 63. Rb3 Nf2 0-1

[Event "Saint Louis Rapid 2017"]
[Site "Saint Louis USA"]
[Date "2017.08.14"]
[Round "2.3"]
[White "Karjakin, Sergey"]
[Black "Le, Quang Liem"]
[Result "1-0"]
[WhiteTitle "GM"]
[BlackTitle "GM"]
[WhiteElo "2773"]
[BlackElo "2739"]
[WhiteFideId "14109603"]
[BlackFideId "12401137"]
[EventDate "2017.08.14"]

1. e4 e5 2. Nf3 Nc6 3. Bc4 Bc5 4. O-O Nf6 5. d3 O-O 6. h3 h6 7. c3 d6 8. Re1 a5
9. Nbd2 Be6 10. Bb5 Ba7 11. Nf1 Ne7 12. d4 Ng6 13. Ng3 c6 14. Bd3 a4 15. Be3 b5
16. Qc2 Re8 17. c4 bxc4 18. Bxc4 Bxc4 19. Qxc4 d5 20. Qxc6 exd4 21. Bxd4 Bxd4
22. Nxd4 Ne5 23. Qc3 Rc8 24. Qd2 Nc4 25. Qb4 dxe4 26. Ndf5 Qd7 27. Rad1 Nd5 28.
b3 Nxb4 29. Rxd7 Ne5 30. Ne7+ Kf8 31. Nxc8 Nxd7 32. Nd6 axb3 33. axb3 Rb8 34.
Ngxe4 Nd3 35. Rb1 Rb4 36. Nc4 N7c5 37. Nxc5 Nxc5 38. Nd2 Rd4 39. Rb2 g6 40. Kf1
Rd7 41. Rc2 Ke7 42. Ke2 Ne6 43. Rc4 Nd4+ 44. Ke1 Ke6 45. g3 Kd5 46. Rc3 Ra7 47.
Kf1 Ra2 48. Nf3 Nxf3 49. Rxf3 Ra1+ 50. Ke2 Ke6 51. Re3+ Kf6 52. Kd3 Ra2 53. f4
g5 54. fxg5+ hxg5 55. g4 Rf2 56. Kc4 Kg6 57. b4 f5 58. gxf5+ Kxf5 59. b5 Kf4 60.
Rb3 Rc2+ 61. Kd5 Rd2+ 62. Kc6 Rc2+ 63. Kd7 Rd2+ 64. Kc7 Rc2+ 65. Kb8 Ke5 66. b6
Kd6 67. b7 Kd7 68. Ra3 Rb2 69. Ka8 1-0

[Event "Saint Louis Rapid 2017"]
[Site "Saint Louis USA"]
[Date "2017.08.14"]
[Round "2.4"]
[White "Dominguez Perez, Leinier"]
[Black "Anand, Viswanathan"]
[Result "1/2-1/2"]
[WhiteTitle "GM"]
[BlackTitle "GM"]
[WhiteElo "2739"]
[BlackElo "2783"]
[WhiteFideId "3503240"]
[BlackFideId "5000017"]
[EventDate "2017.08.14"]

1. e4 e5 2. Nf3 Nc6 3. Bb5 Nf6 4. d3 Bc5 5. Bxc6 dxc6 6. Nbd2 O-O 7. Qe2 Re8 8.
Nc4 Nd7 9. Bd2 f6 10. h3 Nf8 11. O-O-O Be6 12. Kb1 Qe7 13. Ne3 Qf7 14. Ka1 a5
15. g4 Ng6 16. Nf5 Bxa2 17. g5 Be6 18. Rdg1 Kh8 19. h4 Nf4 20. Bxf4 exf4 21.
N3d4 Bxd4 22. Nxd4 c5 23. Nxe6 Qxe6 24. Qg4 Qe5 25. gxf6 Qxf6 26. Qg5 Qd4 27.
Qxf4 a4 28. Qe3 Qxe3 29. fxe3 c4 30. Rg4 cxd3 31. cxd3 Rf8 32. d4 Rf3 33. Rc1 c6
34. Rc3 Kg8 35. d5 Kf7 36. dxc6 bxc6 37. Rxc6 Rxe3 38. Rc7+ Ke6 39. Rgxg7 a3 40.
Rce7+ Kd6 41. Rd7+ Ke6 42. Rde7+ Kd6 43. Rd7+ Ke6 1/2-1/2

[Event "Saint Louis Rapid 2017"]
[Site "Saint Louis USA"]
[Date "2017.08.14"]
[Round "2.5"]
[White "Navara, David"]
[Black "Caruana, Fabiano"]
[Result "0-1"]
[WhiteTitle "GM"]
[BlackTitle "GM"]
[WhiteElo "2737"]
[BlackElo "2807"]
[WhiteFideId "309095"]
[BlackFideId "2020009"]
[EventDate "2017.08.14"]

1. d4 d5 2. c4 dxc4 3. e4 Nf6 4. e5 Nd5 5. Bxc4 Nb6 6. Bd3 Nc6 7. Be3 Nb4 8. Be4
f5 9. a3 N4d5 10. Bf3 Bd7 11. Nh3 Bc6 12. Nc3 e6 13. O-O Qd7 14. Bg5 Be7 15.
Bxd5 Nxd5 16. Qh5+ g6 17. Qh6 O-O-O 18. Bxe7 Qxe7 19. Rac1 Rd7 20. Rfd1 Rhd8 21.
Ng5 Nf4 22. Nxh7 Rxd4 23. Rxd4 Rxd4 24. Nf6 Qd8 25. h3 Bxg2 26. Kh2 Bc6 27. Rg1
b6 28. Nce4 Bxe4 29. Qxf4 Bc6 30. Qc1 Kb7 31. Qc3 Rd3 32. Qc4 g5 33. Rxg5 Rd1
34. Rg1 Qd2 35. Qh4 Rxg1 36. Kxg1 Qe1+ 37. Kh2 Qh1+ 38. Kg3 Qf3+ 0-1

[Event "Saint Louis Rapid 2017"]
[Site "Saint Louis USA"]
[Date "2017.08.14"]
[Round "3.1"]
[White "Kasparov, Garry"]
[Black "Dominguez Perez, Leinier"]
[Result "1/2-1/2"]
[WhiteTitle "GM"]
[BlackTitle "GM"]
[WhiteElo "2812"]
[BlackElo "2739"]
[WhiteFideId "4100018"]
[BlackFideId "3503240"]
[EventDate "2017.08.14"]

1. c4 e6 2. Nc3 d5 3. d4 Nf6 4. Bg5 Be7 5. e3 h6 6. Bh4 O-O 7. Qc2 c5 8. dxc5
Nbd7 9. cxd5 Nxd5 10. Bxe7 Qxe7 11. Nxd5 exd5 12. Nf3 Nxc5 13. Be2 Bg4 14. O-O
Rac8 15. Rfd1 Rfd8 16. h3 Ne6 17. Qa4 Bh5 18. Rd2 d4 19. Qxa7 Bxf3 20. Bxf3 Qb4
21. Rad1 Rc1 22. Rxc1 Qxd2 23. Rd1 Qxb2 24. Qxb7 Qxa2 25. Qb1 Qxb1 26. Rxb1 dxe3
27. fxe3 Ng5 28. h4 Nxf3+ 29. gxf3 1/2-1/2

[Event "Saint Louis Rapid 2017"]
[Site "Saint Louis USA"]
[Date "2017.08.14"]
[Round "3.2"]
[White "Caruana, Fabiano"]
[Black "Karjakin, Sergey"]
[Result "1-0"]
[WhiteTitle "GM"]
[BlackTitle "GM"]
[WhiteElo "2807"]
[BlackElo "2773"]
[WhiteFideId "2020009"]
[BlackFideId "14109603"]
[EventDate "2017.08.14"]

1. d4 Nf6 2. c4 e6 3. Nc3 Bb4 4. Nf3 b6 5. e3 Bb7 6. Bd3 O-O 7. O-O d5 8. cxd5
exd5 9. Ne5 c5 10. f4 Nc6 11. Ne2 c4 12. Bc2 Ne7 13. Ng3 Nc8 14. Nh5 Be7 15. b3
cxb3 16. axb3 Nd6 17. Nxf6+ Bxf6 18. Ba3 Bc8 19. Qf3 Bb7 20. Bd3 a5 21. Rac1 a4
22. Qh3 g6 23. Nd7 Be7 24. Nxf8 Bxf8 25. f5 axb3 26. fxg6 hxg6 27. Bxg6 fxg6 28.
Qe6+ Kh7 29. Bxd6 Qxd6 30. Rf7+ Kh6 31. Qh3+ Kg5 32. g3 1-0

[Event "Saint Louis Rapid 2017"]
[Site "Saint Louis USA"]
[Date "2017.08.14"]
[Round "3.4"]
[White "Nepomniachtchi, Ian"]
[Black "Navara, David"]
[Result "1/2-1/2"]
[WhiteTitle "GM"]
[BlackTitle "GM"]
[WhiteElo "2751"]
[BlackElo "2737"]
[WhiteFideId "4168119"]
[BlackFideId "309095"]
[EventDate "2017.08.14"]

1. e4 c6 2. d4 d5 3. e5 Bf5 4. Nf3 e6 5. c3 Nd7 6. Be2 f6 7. Bf4 g5 8. Bg3 Bxb1
9. Qxb1 g4 10. Nh4 fxe5 11. Bxg4 Qf6 12. Bh5+ Kd8 13. O-O e4 14. f3 Qh6 15. Bg4
Be7 16. Qe1 Bg5 17. Kh1 Bd2 18. Qd1 Bg5 19. Qe1 Bd2 20. Qe2 Bg5 21. Qe1 1/2-1/2

[Event "Saint Louis Rapid 2017"]
[Site "Saint Louis USA"]
[Date "2017.08.14"]
[Round "3.5"]
[White "Anand, Viswanathan"]
[Black "Aronian, Levon"]
[Result "0-1"]
[WhiteTitle "GM"]
[BlackTitle "GM"]
[WhiteElo "2783"]
[BlackElo "2799"]
[WhiteFideId "5000017"]
[BlackFideId "13300474"]
[EventDate "2017.08.14"]

1. e4 e5 2. Nf3 Nc6 3. Bc4 Bc5 4. O-O Nf6 5. d3 O-O 6. a4 a5 7. c3 d5 8. exd5
Nxd5 9. Nbd2 Nb6 10. Bb5 Bd6 11. Ne4 Bg4 12. h3 Bh5 13. Ng3 Bg6 14. Re1 Re8 15.
Be3 Kh8 16. Qb3 Nd7 17. Bc4 f5 18. Bg5 Nc5 19. Bxd8 Nxb3 20. Bxc7 Nxa1 21. Bxd6
Rad8 22. Bc7 Rc8 23. Nxe5 Nxe5 24. Bxe5 f4 25. Bb5 fxg3 26. Bxe8 Rxe8 27. d4
gxf2+ 28. Kxf2 Nb3 29. g4 Kg8 30. Kg3 Nd2 31. b4 Ne4+ 32. Kh4 Nxc3 33. bxa5 Nd5
34. Rc1 Be4 35. Rc5 Ne7 36. Kg3 Rc8 37. Rb5 Rc3+ 38. Kh2 Rc2+ 39. Kg1 Nd5 0-1

[Event "Saint Louis Rapid 2017"]
[Site "Saint Louis USA"]
[Date "2017.08.15"]
[Round "4.1"]
[White "Aronian, Levon"]
[Black "Kasparov, Garry"]
[Result "1/2-1/2"]
[WhiteTitle "GM"]
[BlackTitle "GM"]
[WhiteElo "2799"]
[BlackElo "2812"]
[WhiteFideId "13300474"]
[BlackFideId "4100018"]
[EventDate "2017.08.14"]

1. d4 Nf6 2. Bf4 c5 3. dxc5 Nc6 4. Nc3 e5 5. Bg5 Bxc5 6. e3 Bb4 7. Ne2 d5 8. a3
Bxc3+ 9. Nxc3 Be6 10. Bb5 d4 11. Bxf6 Qxf6 12. Ne4 Qg6 13. Ng3 O-O 14. Qd3 Qxd3
15. Bxd3 f5 16. O-O-O dxe3 17. fxe3 a6 18. Ne2 e4 19. Nf4 exd3 20. Nxe6 dxc2 21.
Kxc2 Rf7 22. Rhe1 Re8 23. Nf4 Rfe7 24. Nd5 Re5 25. Rd3 Kf7 26. g3 g5 27. Red1
Rd8 28. b4 Ree8 29. Rc3 Re6 30. Rc5 Re5 31. Rd3 Rd7 32. Nc3 Rxd3 33. Kxd3 Rxc5
34. bxc5 Ke6 35. e4 Ne5+ 36. Ke2 Nd7 37. exf5+ Kxf5 38. Kd3 Nxc5+ 39. Kd4 Nd7
40. Ne4 Kg4 41. h3+ Kxh3 42. Nxg5+ Kxg3 1/2-1/2

[Event "Saint Louis Rapid 2017"]
[Site "Saint Louis USA"]
[Date "2017.08.15"]
[Round "4.3"]
[White "Nepomniachtchi, Ian"]
[Black "Anand, Viswanathan"]
[Result "1/2-1/2"]
[WhiteTitle "GM"]
[BlackTitle "GM"]
[WhiteElo "2751"]
[BlackElo "2783"]
[WhiteFideId "4168119"]
[BlackFideId "5000017"]
[EventDate "2017.08.14"]

1. e4 e5 2. Nf3 Nc6 3. d4 exd4 4. Nxd4 Nf6 5. Nxc6 bxc6 6. Bd3 d5 7. Qe2 dxe4 8.
Bxe4 Nxe4 9. Qxe4+ Qe7 10. Qxe7+ Bxe7 11. Bf4 Bf5 12. Bxc7 Bxc2 13. Nc3 O-O 14.
Rc1 Bf5 15. O-O Rac8 16. Bf4 Bf6 17. b3 Rfe8 18. Be3 Re7 19. Rfd1 h5 20. h3 Kh7
21. Ne2 a6 22. Rc4 Re5 23. Ra4 Rd5 24. Rc1 Bb2 25. Re1 Be5 26. Nf4 Bxf4 27. Bxf4
Bd3 28. Re7 Kg6 29. Be3 Rcd8 30. Rc7 R5d6 31. Rf4 R8d7 32. Rxd7 Rxd7 33. Rb4 f6
34. Rb6 Rc7 35. Bc5 Kf5 36. Bd6 Rc8 37. Rb7 g5 38. Bc5 Re8 39. Be3 h4 40. Rd7
Bb1 41. a3 Bc2 42. b4 Ba4 43. Kh2 1/2-1/2

[Event "Saint Louis Rapid 2017"]
[Site "Saint Louis USA"]
[Date "2017.08.15"]
[Round "4.4"]
[White "Dominguez Perez, Leinier"]
[Black "Le, Quang Liem"]
[Result "1-0"]
[WhiteTitle "GM"]
[BlackTitle "GM"]
[WhiteElo "2739"]
[BlackElo "2739"]
[WhiteFideId "3503240"]
[BlackFideId "12401137"]
[EventDate "2017.08.14"]

1. e4 e5 2. Nf3 Nc6 3. Bb5 Nf6 4. d3 Bc5 5. Bxc6 dxc6 6. Nbd2 Be6 7. O-O Bd6 8.
b3 O-O 9. Nc4 Bxc4 10. bxc4 Nd7 11. Rb1 b6 12. g3 Nc5 13. Nh4 g6 14. Bh6 Re8 15.
Qg4 Qd7 16. Nf5 Bf8 17. f4 Kh8 18. Bxf8 Rxf8 19. Ne3 f5 20. exf5 gxf5 21. Qe2
Rae8 22. fxe5 Rxe5 23. Qf2 Ne6 24. Ng2 f4 25. Nxf4 Nxf4 26. gxf4 Rh5 27. Rbe1
Rf6 28. Re3 Rg6+ 29. Rg3 Qh3 30. Rxg6 hxg6 31. Re1 Kg8 32. Qe2 Qd7 33. Qe6+ Qxe6
34. Rxe6 Kf7 35. Rxc6 Ra5 36. Kf2 Rxa2 37. Kf3 Ke8 38. Rxc7 a5 39. Rb7 Rb2 40.
Ke4 a4 41. Ra7 Rxc2 42. Rxa4 Rxh2 43. Rb4 Re2+ 44. Kd5 Re3 45. d4 1-0

[Event "Saint Louis Rapid 2017"]
[Site "Saint Louis USA"]
[Date "2017.08.15"]
[Round "4.5"]
[White "Navara, David"]
[Black "Karjakin, Sergey"]
[Result "1-0"]
[WhiteTitle "GM"]
[BlackTitle "GM"]
[WhiteElo "2737"]
[BlackElo "2773"]
[WhiteFideId "309095"]
[BlackFideId "14109603"]
[EventDate "2017.08.14"]

1. d4 Nf6 2. c4 e6 3. Nf3 b6 4. g3 Ba6 5. b3 Bb4+ 6. Bd2 Be7 7. Nc3 d5 8. cxd5
exd5 9. Bg2 O-O 10. O-O Re8 11. Ne5 Bb7 12. a3 c5 13. dxc5 bxc5 14. Rc1 Na6 15.
Nd3 Rc8 16. Bg5 Ba8 17. e3 h6 18. Bxf6 Bxf6 19. Nf4 d4 20. Bxa8 Rxa8 21. exd4
Bxd4 22. Nb5 Be5 23. Nd3 Qb6 24. Qf3 Bxg3 25. hxg3 Qxb5 26. Ne5 Rf8 27. Rfd1
Rac8 28. Rc4 Rc7 29. Rd6 Re7 30. Ng4 f5 31. Qd5+ Kh7 32. Nxh6 Nc7 33. Qd2 Re6
34. Rh4 Qxb3 35. Qg5 Qb2 36. Ng4+ Kg8 37. Nh6+ Kh7 38. Nf7+ Kg8 39. Rh8+ Kxf7
40. Rd7+ 1-0

[Event "Saint Louis Rapid 2017"]
[Site "Saint Louis USA"]
[Date "2017.08.15"]
[Round "5.1"]
[White "Kasparov, Garry"]
[Black "Nepomniachtchi, Ian"]
[Result "0-1"]
[WhiteTitle "GM"]
[BlackTitle "GM"]
[WhiteElo "2812"]
[BlackElo "2751"]
[WhiteFideId "4100018"]
[BlackFideId "4168119"]
[EventDate "2017.08.14"]

1. d4 Nf6 2. c4 g6 3. Nc3 d5 4. Nf3 Bg7 5. h4 c6 6. Bg5 dxc4 7. e4 Be6 8. e5 Nd5
9. h5 Nd7 10. h6 Bf8 11. Ne4 f6 12. Bd2 b5 13. a4 Bf5 14. Ng3 e6 15. Nxf5 exf5
16. axb5 cxb5 17. Be2 Be7 18. O-O a5 19. b3 c3 20. Bxb5 cxd2 21. e6 O-O 22. exd7
Nc3 23. Bc4+ Kh8 24. Qxd2 Ne4 25. Qe3 Qxd7 26. Nd2 Nxd2 27. Qxd2 Bb4 28. Qd3 Qd6
29. Ra2 Rae8 30. Re2 Qf4 31. g3 Qxh6 32. Kg2 f4 33. Rh1 Qg5 34. Rxe8 Rxe8 35.
Bf7 Re3 36. fxe3 Qxg3+ 37. Kf1 f3 0-1

[Event "Saint Louis Rapid 2017"]
[Site "Saint Louis USA"]
[Date "2017.08.15"]
[Round "5.2"]
[White "Caruana, Fabiano"]
[Black "Dominguez Perez, Leinier"]
[Result "1-0"]
[WhiteTitle "GM"]
[BlackTitle "GM"]
[WhiteElo "2807"]
[BlackElo "2739"]
[WhiteFideId "2020009"]
[BlackFideId "3503240"]
[EventDate "2017.08.14"]

1. c4 e6 2. Nc3 d5 3. d4 Nf6 4. cxd5 Nxd5 5. e4 Nxc3 6. bxc3 c5 7. a3 g6 8. Nf3
Bg7 9. Be2 cxd4 10. cxd4 Nc6 11. Be3 O-O 12. O-O b6 13. Qa4 Bb7 14. Rad1 Ne7 15.
Bd3 Qd6 16. Bb1 Rfc8 17. d5 exd5 18. e5 Qe6 19. Ba2 Nf5 20. Bf4 Rc3 21. Ng5 Qe8
22. Qxe8+ Rxe8 23. Bxd5 Bxd5 24. Rxd5 h6 25. Ne4 Rxa3 26. Nd6 Re6 27. Nxf5 gxf5
28. h4 Ra5 29. Rd8+ Kh7 30. Rd7 Kg6 31. Rc1 Rc5 32. Rxc5 bxc5 33. h5+ Kxh5 34.
Rxf7 Kg6 35. Rxa7 Bxe5 36. Bxe5 Rxe5 37. Rc7 f4 38. Rc6+ Kg5 39. Kh2 h5 40. Kh3
Kf5 41. f3 Rd5 42. Kh4 Ke5 43. Kxh5 Kd4+ 44. Kg4 Ke3 45. Re6+ Kf2 46. Kxf4 Kxg2
47. Re2+ Kh3 48. Rc2 Rh5 49. Rc1 Kg2 50. Kg4 Rh8 51. Rc2+ Kf1 52. Rxc5 Kf2 53.
f4 Ke3 54. f5 Kd4 55. Ra5 Ke4 56. f6 Rh1 57. Kg5 1-0

[Event "Saint Louis Rapid 2017"]
[Site "Saint Louis USA"]
[Date "2017.08.15"]
[Round "5.3"]
[White "Le, Quang Liem"]
[Black "Aronian, Levon"]
[Result "1-0"]
[WhiteTitle "GM"]
[BlackTitle "GM"]
[WhiteElo "2739"]
[BlackElo "2799"]
[WhiteFideId "12401137"]
[BlackFideId "13300474"]
[EventDate "2017.08.14"]

1. d4 Nf6 2. c4 c5 3. d5 e5 4. Nc3 d6 5. e4 Nbd7 6. Bd3 Be7 7. Be3 O-O 8. g4 g6
9. h3 Ne8 10. Nf3 Ndf6 11. Qc2 Bd7 12. a3 Kh8 13. b4 b6 14. bxc5 bxc5 15. Rb1
Ng7 16. Kf1 Ng8 17. Ke2 f5 18. Rbg1 Rb8 19. Bd2 Qc8 20. Nh2 Bh4 21. Rg2 fxe4 22.
Nxe4 Qa6 23. Nf3 Ba4 24. Qc1 Be7 25. h4 Rb3 26. Bc3 Bd7 27. h5 gxh5 28. gxh5 Nf5
29. Rhg1 Nf6 30. Qg5 Ng4 31. Qc1 Qc8 32. Ned2 Nd4+ 33. Nxd4 exd4 34. Nxb3 dxc3
35. f3 Qe8 36. Be4 Bf6 37. Rxg4 Bxg4 38. Rxg4 Qxh5 39. Kd3 Be5 40. Qg1 Qh6 41.
Kc2 Rb8 42. Rg5 Bf6 43. Rg2 Qf8 44. Rh2 Rb7 45. Qg6 1-0

[Event "Saint Louis Rapid 2017"]
[Site "Saint Louis USA"]
[Date "2017.08.15"]
[Round "6.1"]
[White "Anand, Viswanathan"]
[Black "Kasparov, Garry"]
[Result "1/2-1/2"]
[WhiteTitle "GM"]
[BlackTitle "GM"]
[WhiteElo "2783"]
[BlackElo "2812"]
[WhiteFideId "5000017"]
[BlackFideId "4100018"]
[EventDate "2017.08.14"]

1. e4 c5 2. Nf3 d6 3. Bb5+ Nd7 4. d4 cxd4 5. Qxd4 a6 6. Bxd7+ Bxd7 7. Nc3 e5 8.
Qd3 h6 9. Nd2 Be6 10. Nc4 Rc8 11. Ne3 Nf6 12. O-O Be7 13. Rd1 O-O 14. Bd2 Rc5
15. a4 Qc8 16. Be1 Rd8 17. b4 Rc7 18. a5 Bc4 19. Qd2 d5 20. Ncxd5 Nxd5 21. exd5
Bg5 22. d6 Rcd7 23. Qc3 Bxe3 24. Qxe3 Rxd6 25. Rxd6 Rxd6 26. Qxe5 Qc6 27. Qc5
Qxc5 28. bxc5 Re6 29. Bc3 Bd5 30. Re1 Rxe1+ 31. Bxe1 f6 1/2-1/2

[Event "Saint Louis Rapid 2017"]
[Site "Saint Louis USA"]
[Date "2017.08.15"]
[Round "6.2"]
[White "Aronian, Levon"]
[Black "Caruana, Fabiano"]
[Result "1-0"]
[WhiteTitle "GM"]
[BlackTitle "GM"]
[WhiteElo "2799"]
[BlackElo "2807"]
[WhiteFideId "13300474"]
[BlackFideId "2020009"]
[EventDate "2017.08.14"]

1. c4 e5 2. Nc3 Nf6 3. Nf3 Nc6 4. g3 d5 5. cxd5 Nxd5 6. Bg2 Bc5 7. O-O O-O 8.
Nxd5 Qxd5 9. Ng5 Qd8 10. Nxh7 Re8 11. Ng5 Qxg5 12. Bxc6 bxc6 13. d4 Qh5 14. dxc5
e4 15. h4 Qg4 16. Bf4 Qh3 17. Qd4 Bg4 18. Qe3 Rad8 19. Rad1 Rd5 20. Rxd5 cxd5
21. f3 d4 22. Qf2 exf3 23. exf3 d3 24. Qg2 Qxg2+ 25. Kxg2 Re2+ 26. Rf2 Bh3+ 27.
Kg1 Re1+ 28. Kh2 Bf1 29. Bxc7 Be2 30. Bf4 Kf8 31. g4 Rb1 32. c6 Rxb2 33. c7 Rc2
34. Kg3 Ke7 35. h5 f6 36. Rh2 Kf7 37. Kf2 Ke6 38. Ke3 Kd7 39. h6 gxh6 40. Rxh6
Bf1 41. Rh8 d2 42. Rd8+ Ke7 43. Rxd2 Rc3+ 44. Kd4 Rc6 45. Kd5 Rc3 46. Rh2 Ba6
47. Rh7+ Ke8 48. Bd6 Bb7+ 49. Kd4 Rc6 50. Bc5 a6 51. Re7+ Kf8 52. Re6+ 1-0